[Event "SV Waltrop 1 - SV Bottrop 1"]
[Site "Verbandsliga - Gr. 1 2019/202"]
[Date "2020.03.01"]
[Round "7.7"]
[White "Jaeger, Heinz"]
[Black "Schmidt, Sebastian"]
[Result "1/2-1/2"]
[WhiteElo "1948"]
[BlackElo "1711"]
[PlyCount "97"]
[EventDate "2020.??.??"]
[WhiteTeam "SV Bottrop 1"]
[BlackTeam "SV Waltrop 1"]

1. d4 d5 2. Nf3 c5 3. c3 cxd4 4. cxd4 Nc6 5. Nc3 Nf6 6. e3 e6 7. Bd3 Bd6 8. Bd2
O-O 9. Qe2 e5 10. dxe5 Nxe5 11. h3 Bd7 12. Nd4 Rc8 13. O-O Nxd3 14. Qxd3 Re8
15. Rad1 Ne4 16. Nf3 Be6 17. Be1 Ng5 18. Nxg5 Qxg5 19. f4 Qh5 20. Rf3 Bc5 21.
Ne2 Qf5 22. Bc3 Qxd3 23. Rxd3 Bf5 24. Rxd5 Be4 25. Rxc5 Rxc5 26. Rf1 Bd3 27.
Kf2 Rd5 28. Re1 f6 29. Nd4 g5 30. fxg5 fxg5 31. Nf3 Rf5 32. Rd1 Be4 33. Rd7
Bxf3 34. gxf3 Rf7 35. Rd5 h6 36. Bb4 Rc8 37. Bc3 Rcf8 38. f4 gxf4 39. e4 f3 40.
Rd6 Kh7 41. a3 Rg8 42. Bf6 Kg6 43. e5 Re8 44. Rd3 Rxf6 45. exf6 Re2+ 46. Kxf3
Rxb2 47. Kg4 Rb6 48. f7 Kxf7 49. Kh5 1/2-1/2

[Event "SV Waltrop 1 - SV Bottrop 1"]
[Site "Verbandsliga - Gr. 1 2019/202"]
[Date "2020.03.01"]
[Round "7.8"]
[White "Dunsche, Daniel"]
[Black "Skolarski, Hans-Georg"]
[Result "0-1"]
[WhiteElo "1883"]
[BlackElo "2121"]
[PlyCount "42"]
[EventDate "2020.??.??"]
[WhiteTeam "SV Waltrop 1"]
[BlackTeam "SV Bottrop 1"]

1. d4 Nf6 2. Bf4 c5 3. e3 Qb6 4. Na3 cxd4 5. Qxd4 Qa5+ 6. c3 Nc6 7. Qd1 d5 8.
Nf3 e5 9. Nxe5 Bxa3 10. Nxc6 bxc6 11. bxa3 Qxc3+ 12. Ke2 Qb2+ 13. Ke1 Ne4 14.
Bg3 Qc3+ 15. Ke2 Ba6+ 16. Kf3 Ng5+ 17. Kg4 Bc8+ 18. Kxg5 Qf6+ 19. Kh5 g6+ 20.
Kh6 g5+ 21. Kh5 Qg6# 0-1

[Event "SV Eichlinghofen 1 - SG Gladbeck 1"]
[Site "Verbandsliga - Gr. 1 2019/202"]
[Date "2020.03.01"]
[Round "7.1"]
[White "Frohne, Gerd"]
[Black "Watzlawek, Markus"]
[Result "1-0"]
[WhiteElo "2023"]
[BlackElo "2072"]
[PlyCount "101"]
[EventDate "2020.??.??"]
[WhiteTeam "SG Gladbeck 1"]
[BlackTeam "SV Eichlinghofen 1"]

1. d4 f5 2. Nf3 Nf6 3. g3 g6 4. Bg2 Bg7 5. O-O O-O 6. c4 d6 7. Nc3 Qe8 8. Re1
Qf7 9. e4 fxe4 10. Nxe4 Nc6 11. d5 Nxe4 12. Rxe4 Ne5 13. Rf4 Nxf3+ 14. Bxf3 Bf6
15. h4 Qg7 16. Qe2 Bd7 17. Rb1 Bf5 18. Be4 Be5 19. Rf3 Bxe4 20. Qxe4 Rxf3 21.
Qxf3 Re8 22. Qe4 Bd4 23. Bf4 Qf6 24. Kg2 Bxb2 25. Be3 Qe5 26. Qxe5 Bxe5 27.
Rxb7 a5 28. a4 Rc8 29. Ba7 c6 30. Rb8 Rxb8 31. Bxb8 cxd5 32. cxd5 Kf7 33. Bc7
Bc3 34. Kf3 e6 35. Ke4 Ke7 36. Bb6 h5 37. f3 Be1 38. g4 Bxh4 39. Bxa5 Bf2 40.
Bd2 h4 41. a5 h3 42. Bf4 e5 43. Bh2 Kd7 44. f4 exf4 45. Kxf4 Kc7 46. Kg5 Bd4
47. Kh4 Bc5 48. Kxh3 Kb7 49. Kh4 Ka6 50. Kg5 Kxa5 51. Kxg6 1-0

[Event "SV Eichlinghofen 1 - SG Gladbeck 1"]
[Site "Verbandsliga - Gr. 1 2019/202"]
[Date "2020.03.01"]
[Round "7.2"]
[White "Schuette, Tobias"]
[Black "Berg, Dietmar"]
[Result "1/2-1/2"]
[WhiteElo "2020"]
[BlackElo "1949"]
[PlyCount "67"]
[EventDate "2020.??.??"]
[WhiteTeam "SV Eichlinghofen 1"]
[BlackTeam "SG Gladbeck 1"]

1. f4 d5 2. Nf3 g6 3. g3 Bg7 4. Bg2 Nf6 5. O-O O-O 6. d3 c5 7. Qe1 d4 8. Na3
Nc6 9. h3 Nd5 10. Bd2 e5 11. fxe5 Nxe5 12. Nxe5 Bxe5 13. Bh6 Bg7 14. Bxg7 Kxg7
15. Nc4 Be6 16. e4 dxe3 17. Nxe3 Nxe3 18. Qxe3 Qc7 19. Rf4 h6 20. Raf1 Rae8 21.
Rh4 Rh8 22. Qf2 f5 23. Rf4 b6 24. h4 h5 25. a3 Qe5 26. c3 Bd5 27. d4 cxd4 28.
Bxd5 Qxd5 29. Rxd4 Qe6 30. Rfd1 Re7 31. Rd6 Qe5 32. R1d5 Qe1+ 33. Qxe1 Rxe1+
34. Kf2 1/2-1/2

[Event "SV Eichlinghofen 1 - SG Gladbeck 1"]
[Site "Verbandsliga - Gr. 1 2019/202"]
[Date "2020.03.01"]
[Round "7.3"]
[White "Rickert, Stefan"]
[Black "Brockmann, Michael"]
[Result "0-1"]
[WhiteElo "1939"]
[BlackElo "2012"]
[PlyCount "94"]
[EventDate "2020.??.??"]
[WhiteTeam "SG Gladbeck 1"]
[BlackTeam "SV Eichlinghofen 1"]

1. e4 c5 2. Nf3 Nc6 3. d4 cxd4 4. Nxd4 Nf6 5. Bc4 Nxe4 6. Bxf7+ Kxf7 7. Qh5+ g6
8. Qd5+ e6 9. Qxe4 Nxd4 10. Qxd4 Bg7 11. Qf4+ Qf6 12. c3 b6 13. O-O Qxf4 14.
Bxf4 e5 15. Be3 d5 16. f4 e4 17. Rd1 Rd8 18. Na3 Ba6 19. Nc2 Bd3 20. Nb4 d4 21.
Bxd4 Rxd4 22. cxd4 Bxd4+ 23. Kh1 Bxb2 24. Nxd3 Bxa1 25. Nf2 e3 26. Ng4 Bc3 27.
Nxe3 Re8 28. Rd3 Bb4 29. Kg1 Re4 30. g3 Bc5 31. Kf2 Ra4 32. Kf3 Rxa2 33. Ng4
Ra3 34. Ne5+ Ke6 35. Rxa3 Bxa3 36. Ke4 Bc5 37. Nf3 h6 38. g4 a5 39. Ne5 a4 40.
Nd3 a3 41. Nc1 Bb4 42. Na2 Bd2 43. h3 b5 44. f5+ gxf5+ 45. gxf5+ Kf6 46. Kd3 b4
47. Kc4 Kxf5 0-1

[Event "SV Eichlinghofen 1 - SG Gladbeck 1"]
[Site "Verbandsliga - Gr. 1 2019/202"]
[Date "2020.03.01"]
[Round "7.4"]
[White "Dreier, Daniel"]
[Black "Wenzel, Martin"]
[Result "0-1"]
[WhiteElo "1873"]
[BlackElo "1903"]
[PlyCount "92"]
[EventDate "2020.??.??"]
[WhiteTeam "SV Eichlinghofen 1"]
[BlackTeam "SG Gladbeck 1"]

1. d4 f5 2. Nf3 Nf6 3. Bg5 Ne4 4. Bh4 c6 5. e3 Qb6 6. Qc1 g6 7. Bd3 Bg7 8. O-O
d6 9. Nc3 Nxc3 10. bxc3 e5 11. dxe5 dxe5 12. Bc4 Qc5 13. Bb3 Nd7 14. Ng5 Nf6
15. Bf7+ Ke7 16. Bb3 h6 17. Nf7 Rf8 18. Nxe5 Qxe5 19. Bg3 Qc5 20. Rd1 Ne4 21.
Bc7 Be5 22. Bxe5 Qxe5 23. f3 Nxc3 24. Qa3+ c5 25. Rd3 Nb5 26. Qc1 Nd6 27. Rd5
Qc3 28. Rb1 Be6 29. Rd3 Qe5 30. Bxe6 Kxe6 31. c4 b6 32. Rd5 Qf6 33. Rb3 Rad8
34. Rbd3 Nb7 35. Qd1 Rxd5 36. cxd5+ Kd6 37. Rd2 Qe5 38. Qe1 Re8 39. Rd3 Na5 40.
Qh4 c4 41. Rd1 Qxe3+ 42. Kh1 c3 43. Qb4+ Qc5 44. Qh4 c2 45. Qf6+ Kd7 46. Rc1
Qe3 0-1

[Event "SV Eichlinghofen 1 - SG Gladbeck 1"]
[Site "Verbandsliga - Gr. 1 2019/202"]
[Date "2020.03.01"]
[Round "7.5"]
[White "Winzbeck, Frank"]
[Black "Gitschel, Ralf"]
[Result "1-0"]
[WhiteElo "1882"]
[BlackElo "1881"]
[Annotator "Daniel"]
[PlyCount "113"]
[EventDate "2020.??.??"]
[WhiteTeam "SG Gladbeck 1"]
[BlackTeam "SV Eichlinghofen 1"]

1. d4 g6 2. c4 Bg7 3. Nc3 c5 4. d5 Bxc3+ 5. bxc3 f5 6. Nf3 Qa5 7. Qd3 Nf6 8.
Bh6 Ne4 9. Nd2 d6 10. f3 Nf6 11. Bg7 Rg8 $11 12. Bxf6 exf6 13. e4 Kf7 14. Be2
Nd7 15. O-O Ne5 16. Qe3 f4 17. Qxf4 Qxc3 18. h4 Qd4+ 19. Kh1 h6 20. Nb3 Qb2 21.
Qe3 g5 22. f4 gxf4 23. Rxf4 Bg4 24. Rf2 Bxe2 25. Rxe2 Ng4 26. Rxb2 Nxe3 27. Nd2
b6 28. Rg1 Rg3 29. Nf1 Nxc4 30. Nxg3 Nxb2 31. Nf5 Nc4 32. Nxh6+ Kg6 33. Nf5 Re8
34. Re1 b5 35. g4 a5 36. Kg2 b4 37. Rc1 Rxe4 38. Kf3 Nd2+ 39. Kg3 Rc4 40. Re1
Rc3+ 41. Kg2 Nc4 42. Re7 Ne3+ 43. Rxe3 Rc2+ 44. Kf3 Kf7 45. Nxd6+ Kf8 46. Re8+
Kg7 47. Nf5+ Kf7 48. Re7+ Kf8 49. d6 Rxa2 50. d7 Rd2 51. Re8+ Kf7 52. d8=Q Rxd8
53. Rxd8 a4 54. Ke3 b3 55. Kd2 a3 56. Kc3 c4 57. Rc8 1-0

[Event "SV Eichlinghofen 1 - SG Gladbeck 1"]
[Site "Verbandsliga - Gr. 1 2019/202"]
[Date "2020.03.01"]
[Round "7.6"]
[White "Wloka, Sebastian"]
[Black "Kruse, Peter"]
[Result "1/2-1/2"]
[WhiteElo "1861"]
[BlackElo "1950"]
[PlyCount "43"]
[EventDate "2020.??.??"]
[WhiteTeam "SV Eichlinghofen 1"]
[BlackTeam "SG Gladbeck 1"]

1. d4 e6 2. Nf3 f5 3. Bf4 Nf6 4. c4 b6 5. Nc3 Bb4 6. Qb3 a5 7. a3 Bxc3+ 8. Qxc3
O-O 9. e3 Bb7 10. Be2 d6 11. h3 Nbd7 12. O-O Qe7 13. b4 Ne4 14. Qb2 g5 15. Bh2
g4 16. hxg4 fxg4 17. Nd2 Qh4 18. Nxe4 Bxe4 19. Bg3 Qg5 20. Bf4 Qh4 21. Bg3 Qg5
22. Bf4 1/2-1/2

[Event "SV Eichlinghofen 1 - SG Gladbeck 1"]
[Site "Verbandsliga - Gr. 1 2019/202"]
[Date "2020.03.01"]
[Round "7.7"]
[White "Kucheyda, Joerg"]
[Black "Dekhtyaryuk, Dimitri"]
[Result "1-0"]
[WhiteElo "1910"]
[BlackElo "1820"]
[PlyCount "129"]
[EventDate "2020.??.??"]
[WhiteTeam "SG Gladbeck 1"]
[BlackTeam "SV Eichlinghofen 1"]

1. d4 Nf6 2. c4 c5 3. d5 b5 4. cxb5 a6 5. b6 d6 6. Nc3 Nbd7 7. a4 Nxb6 8. a5
Nbd7 9. Nf3 g6 10. g3 Bg7 11. Bg2 O-O 12. O-O Bb7 13. Nd2 Rc8 14. Nc4 Ng4 15.
f4 Qc7 16. h3 Ngf6 17. Kh2 Rb8 18. Na4 Rfd8 19. Nab6 Nxb6 20. axb6 Qc8 21. e4
Nd7 22. Ra3 Ba8 23. Rb3 Bb7 24. Bd2 Bd4 25. Ba5 Re8 26. Qd2 Nf6 27. Re1 Qd7 28.
Ra1 e6 29. Nxd6 Qxd6 30. e5 Bxe5 31. fxe5 Qxe5 32. Bc3 Ne4 33. Bxe5 Nxd2 34.
Rd3 Nc4 35. Bxb8 Rxb8 36. dxe6 fxe6 37. Bxb7 Rxb7 38. b3 Nxb6 39. Rxa6 Kf7 40.
Rd6 Nd5 41. Rxe6 Rxb3 42. Rec6 Rb2+ 43. Kg1 Rc2 44. Ra7+ Ne7 45. Rcc7 Re2 46.
Rxc5 h5 47. Kf1 Re6 48. Kf2 Rf6+ 49. Ke3 Re6+ 50. Kd4 Kf6 51. Ra3 Nf5+ 52. Kc4
Re4+ 53. Kb5 Nd6+ 54. Kc6 Nf5 55. Rb3 Ke6 56. Kc7 Nd4 57. Rd3 Ke7 58. Rd5 Nf5
59. Rd7+ Ke6 60. Rc3 Kf6 61. Rc6+ Kg5 62. Rd5 Re7+ 63. Kd8 Rf7 64. Ke8 Rf6 65.
h4+ 1-0

[Event "SV Eichlinghofen 1 - SG Gladbeck 1"]
[Site "Verbandsliga - Gr. 1 2019/202"]
[Date "2020.03.01"]
[Round "7.8"]
[White "Witthaus, Martin"]
[Black "Kasten, Jorst"]
[Result "1/2-1/2"]
[WhiteElo "1751"]
[BlackElo "1717"]
[PlyCount "32"]
[EventDate "2020.??.??"]
[WhiteTeam "SV Eichlinghofen 1"]
[BlackTeam "SG Gladbeck 1"]

1. d4 Nf6 2. c4 c5 3. e3 e6 4. Nf3 d5 5. Be2 Be7 6. O-O a6 7. a4 b6 8. cxd5
exd5 9. Nc3 O-O 10. b3 Bb7 11. Ba3 Nbd7 12. dxc5 bxc5 13. Qc2 Rc8 14. Qf5 Qb6
15. Rab1 Rfe8 16. Rfc1 Qe6 1/2-1/2

[Event "SV Königsspringer Hamm 1 - Dortmunder S"]
[Site "Verbandsliga - Gr. 2 2019/202"]
[Date "2020.03.01"]
[Round "7.1"]
[White "Wichtrup, Jan-Louis"]
[Black "Happel, Heiner"]
[Result "0-1"]
[WhiteElo "2101"]
[BlackElo "2186"]
[PlyCount "28"]
[EventDate "2020.??.??"]
[WhiteTeam "Dortmunder SV 1"]
[BlackTeam "SV Königsspringer Hamm 1"]

1. d4 d5 2. c4 c6 3. cxd5 cxd5 4. Nc3 Nf6 5. Bf4 Nc6 6. e3 e6 7. Bd3 Be7 8. h3
O-O 9. Nf3 Bd7 10. O-O Qb6 11. a3 Na5 12. b4 Nc4 13. Qb3 Rfc8 14. Ne5 Nd2 0-1

[Event "SV Königsspringer Hamm 1 - Dortmunder S"]
[Site "Verbandsliga - Gr. 2 2019/202"]
[Date "2020.03.01"]
[Round "7.2"]
[White "Frombach, Ralf"]
[Black "Zeldin, Leonid"]
[Result "1/2-1/2"]
[WhiteElo "2139"]
[BlackElo "2057"]
[PlyCount "72"]
[EventDate "2020.??.??"]
[WhiteTeam "SV Königsspringer Hamm 1"]
[BlackTeam "Dortmunder SV 1"]

1. d4 Nf6 2. Nf3 d5 3. c4 c6 4. Qc2 g6 5. Bf4 Bf5 6. Qb3 Qb6 7. e3 Qxb3 8. axb3
Nbd7 9. Nc3 Bg7 10. h3 O-O 11. g4 Bc2 12. Nd2 Ne4 13. Ncxe4 dxe4 14. Rc1 Bd3
15. Bxd3 exd3 16. Nf3 f6 17. Bg3 e5 18. dxe5 fxe5 19. Ng5 Nc5 20. Rd1 a5 21. f4
exf4 22. Bxf4 Bxb2 23. O-O Rad8 24. Bc7 Rxf1+ 25. Kxf1 Rf8+ 26. Kg2 Nxb3 27.
Rxd3 a4 28. Bd6 Rd8 29. Ne4 a3 30. Rxb3 a2 31. Rxb2 a1=Q 32. Rxb7 Re8 33. Be7
Ra8 34. Bf6 Ra2+ 35. Kg3 Qe1+ 36. Kf4 Rf2+ 1/2-1/2

[Event "SV Königsspringer Hamm 1 - Dortmunder S"]
[Site "Verbandsliga - Gr. 2 2019/202"]
[Date "2020.03.01"]
[Round "7.3"]
[White "Mallee, Ralph"]
[Black "Prueß, Wilfried"]
[Result "1-0"]
[WhiteElo "2064"]
[BlackElo "2065"]
[PlyCount "87"]
[EventDate "2020.??.??"]
[WhiteTeam "Dortmunder SV 1"]
[BlackTeam "SV Königsspringer Hamm 1"]

1. e4 e6 2. d4 d5 3. Nd2 Nf6 4. e5 Nfd7 5. c3 c5 6. Bd3 b6 7. Ne2 Ba6 8. Bxa6
Nxa6 9. Qa4 Nc7 10. Nf3 Be7 11. dxc5 bxc5 12. Qg4 Kf8 13. Nf4 h6 14. h4 Rb8 15.
Rh3 Rh7 16. b3 c4 17. Be3 cxb3 18. axb3 Rxb3 19. Nh5 Rxc3 20. Bxh6 Rc4 21. Bf4
g6 22. Ng3 Qb8 23. Kf1 Qb4 24. Ne2 Rh5 25. Qg3 Nc5 26. Ne1 Nb5 27. Nd3 Nxd3 28.
Qxd3 a5 29. Bd2 Qc5 30. Rf3 Kg7 31. Rxa5 Qc6 32. Rf4 Rxh4 33. Rxh4 Bxh4 34. Qe3
Be7 35. Qh6+ Kg8 36. Bg5 Bxg5 37. Qxg5 Nc7 38. Ra3 Qb6 39. Kg1 Qb1+ 40. Kh2 Qf5
41. Qd8+ Kg7 42. Rh3 Qxe5+ 43. g3 Qxe2 44. Qh8# 1-0

[Event "SV Königsspringer Hamm 1 - Dortmunder S"]
[Site "Verbandsliga - Gr. 2 2019/202"]
[Date "2020.03.01"]
[Round "7.4"]
[White "Schmidt, Ingo"]
[Black "Wittmann, Rainer"]
[Result "1-0"]
[WhiteElo "1967"]
[BlackElo "1995"]
[PlyCount "31"]
[EventDate "2020.??.??"]
[WhiteTeam "SV Königsspringer Hamm 1"]
[BlackTeam "Dortmunder SV 1"]

1. e4 c5 2. Nf3 e6 3. d4 cxd4 4. Nxd4 Nf6 5. Nc3 Qb6 6. Nb3 Bb4 7. Bd3 Nc6 8.
O-O O-O 9. Be3 Qc7 10. Nb5 Qb8 11. f4 a6 12. N5d4 d5 13. e5 Nd7 14. Rf3 g6 15.
Rh3 Nc5 16. Nxc6 1-0

[Event "SV Königsspringer Hamm 1 - Dortmunder S"]
[Site "Verbandsliga - Gr. 2 2019/202"]
[Date "2020.03.01"]
[Round "7.5"]
[White "Huettemann, Karl-Heinz"]
[Black "Klaus, Michael"]
[Result "1-0"]
[WhiteElo "1958"]
[BlackElo "1833"]
[Annotator "Daniel"]
[PlyCount "71"]
[EventDate "2020.??.??"]
[WhiteTeam "Dortmunder SV 1"]
[BlackTeam "SV Königsspringer Hamm 1"]

1. c4 c5 2. Nf3 Nc6 3. d4 cxd4 4. Nxd4 Nf6 5. Nc3 g6 6. e4 d6 7. Be2 Bg7 8. Be3
O-O 9. Qd2 Ng4 10. Bxg4 Bxg4 11. O-O Rc8 12. b3 Bd7 13. Rac1 a6 14. Rfd1 Ne5
$11 15. h3 Qe8 16. Nd5 Bc6 17. Nxc6 Nxc6 18. Bb6 Ne5 19. Bd4 Nc6 20. Bxg7 Kxg7
21. Rc3 Qd8 22. a4 a5 23. f4 e6 24. Ne3 Qb6 25. Kh1 Rcd8 26. f5 Ne5 27. Rf1 h6
28. Ng4 Nxg4 29. hxg4 Qc6 30. Rh3 Rh8 31. f6+ Kf8 32. Rxh6 Rg8 33. Rh7 Qxe4 34.
Qh6+ Ke8 35. Rxf7 Rc8 36. Qh7 1-0

[Event "SV Königsspringer Hamm 1 - Dortmunder S"]
[Site "Verbandsliga - Gr. 2 2019/202"]
[Date "2020.03.01"]
[Round "7.6"]
[White "Sporkert, Corina"]
[Black "Brockmann, Fabian"]
[Result "1-0"]
[WhiteElo "1829"]
[BlackElo "1914"]
[Annotator "Daniel"]
[PlyCount "131"]
[EventDate "2020.??.??"]
[WhiteTeam "SV Königsspringer Hamm 1"]
[BlackTeam "Dortmunder SV 1"]

1. e4 c5 2. Nf3 g6 3. d4 cxd4 4. Nxd4 Bg7 5. c3 Nc6 6. Be3 Nf6 7. Bd3 O-O 8.
O-O d5 9. exd5 Nxd5 10. Nxc6 bxc6 11. Bg5 Qb6 12. Qb3 Qc7 13. Nd2 Be6 14. Qc2
Rfd8 15. Nb3 Nf4 16. Be4 Bd5 17. Rfe1 Re8 18. Rad1 Rad8 19. c4 Bxe4 20. Rxd8
Rxd8 21. Rxe4 Ne6 22. Bd2 Qd6 23. Re1 $11 c5 24. Bc3 Nd4 25. Qe4 e6 26. Na5 Qc7
27. Nb3 f5 28. Qb1 Rd6 29. Ba5 Qc6 30. Bc3 e5 31. Nd2 e4 32. Nf1 Re6 33. Ne3
Qd6 34. Nd5 Be5 35. h3 Qf8 36. Qc1 g5 37. Qxg5+ Qg7 38. Qxg7+ Kxg7 39. Kf1 Ra6
40. a3 Ra4 $11 41. f4 Bd6 42. Rd1 Rxc4 43. b3 Rxc3 44. Nxc3 Bxf4 45. Ne2 Be5
46. b4 Nxe2 47. Kxe2 Bd4 48. bxc5 Bxc5 49. Rd5 Bxa3 50. Rxf5 Bb4 51. Ke3 a5 52.
Rb5 Kg6 53. Kxe4 h5 54. h4 Be1 55. g3 Kf6 56. Rb6+ Kf7 57. Kf4 Bd2+ 58. Kf5 Bb4
59. Rb7+ Kf8 60. Kg6 Be1 61. Rf7+ Ke8 62. Rf3 Kd7 63. Kxh5 Kc6 64. g4 a4 65. g5
Bb4 66. g6 1-0

[Event "SV Königsspringer Hamm 1 - Dortmunder S"]
[Site "Verbandsliga - Gr. 2 2019/202"]
[Date "2020.03.01"]
[Round "7.7"]
[White "Wolff, Torsten"]
[Black "Kauder, Hartmut"]
[Result "1-0"]
[WhiteElo "1859"]
[BlackElo "2089"]
[PlyCount "53"]
[EventDate "2020.??.??"]
[WhiteTeam "Dortmunder SV 1"]
[BlackTeam "SV Königsspringer Hamm 1"]

1. d4 f5 2. Nf3 Nf6 3. g3 g6 4. Bg2 Bg7 5. O-O d6 6. c4 c6 7. Nc3 Qc7 8. Qc2 e5
9. e4 O-O 10. c5 Nxe4 11. Nxe4 fxe4 12. cxd6 Qxd6 13. dxe5 Qd3 14. Qxd3 exd3
15. Rd1 Bf5 16. Nh4 Bg4 17. Rxd3 Bxe5 18. Bh6 Re8 19. Re1 Kf7 20. h3 Bd7 21.
Rf3+ Ke6 22. Rfe3 Kf6 23. Nf3 Bxb2 24. Rxe8 Bxe8 25. Rxe8 Kf7 26. Rc8 Ke6 27.
Bf4 1-0

[Event "SV Königsspringer Hamm 1 - Dortmunder S"]
[Site "Verbandsliga - Gr. 2 2019/202"]
[Date "2020.03.01"]
[Round "7.8"]
[White "Weimer, Eduard"]
[Black "Koehler, Eckart"]
[Result "1-0"]
[WhiteElo "2027"]
[BlackElo "1873"]
[PlyCount "85"]
[EventDate "2020.??.??"]
[WhiteTeam "SV Königsspringer Hamm 1"]
[BlackTeam "Dortmunder SV 1"]

1. e4 d5 2. exd5 Qxd5 3. Nc3 Qd8 4. Bc4 Nf6 5. d3 e6 6. Bf4 Bd6 7. Qd2 c6 8. a4
Nd5 9. Bg3 O-O 10. Ne4 Be7 11. Ne2 Nd7 12. O-O Bh4 13. a5 Bxg3 14. fxg3 N7f6
15. Bxd5 Nxd5 16. d4 Rb8 17. c4 Nc7 18. Qf4 Bd7 19. h4 Na6 20. h5 Qc7 21. Nd6
h6 22. c5 Nb4 23. g4 Nd5 24. Qd2 f6 25. Nf4 Nxf4 26. Rxf4 b6 27. axb6 axb6 28.
b4 bxc5 29. bxc5 Ra8 30. Rff1 Ra7 31. Qd3 Rxa1 32. Rxa1 Be8 33. Qe4 Bd7 34. Rb1
Rb8 35. Rf1 Rf8 36. Qg6 Qd8 37. Rb1 Qa5 38. Qe4 Qd8 39. Rb7 f5 40. gxf5 exf5
41. Qe5 Rf6 42. Nc4 Re6 43. Rb8 1-0

[Event "SV Horst-Emscher 1 - SF Essen-Katernber"]
[Site "Verbandsliga - Gr. 2 2019/202"]
[Date "2020.03.01"]
[Round "7.1"]
[White "Rosen, Willy"]
[Black "Baerwolf, Steven"]
[Result "1/2-1/2"]
[WhiteElo "2106"]
[BlackElo "2273"]
[Annotator "Daniel"]
[PlyCount "114"]
[EventDate "2020.??.??"]
[WhiteTeam "SF Essen-Katernberg  3"]
[BlackTeam "SV Horst-Emscher 1"]

1. e4 c5 2. Nc3 Nc6 3. f4 g6 4. Nf3 Bg7 5. Bb5 Nd4 6. O-O a6 7. Bc4 b5 8. Bd5
Rb8 9. d3 e6 10. Bb3 Ne7 11. Nxd4 Bxd4+ 12. Kh1 d5 13. Ne2 Bg7 14. c3 O-O 15.
Be3 Qc7 16. Rc1 dxe4 17. dxe4 Bb7 18. Bc2 f5 19. Ng3 h5 20. b4 h4 21. Ne2 fxe4
22. Bxc5 Nf5 23. Ng1 Rfd8 24. Qg4 Kh7 25. Nh3 Bf6 26. Rce1 Rd2 27. Bxe4 Rbd8
28. Ng5+ Bxg5 29. fxg5 Rxa2 30. Bxf5 exf5 31. Qxh4+ Kg8 32. Rg1 Be4 33. Rxe4
fxe4 34. Qxe4 Qf7 35. Bd4 Re8 36. Qh4 Qh7 37. Qg4 Rae2 38. Qg3 Qf7 39. Qh3 Qh7
40. Qf3 Re1 41. Qg3 $11 Rxg1+ 42. Kxg1 Qe7 43. Qh4 Qe1+ 44. Qxe1 Rxe1+ 45. Kf2
Rh1 46. Be5 Kf7 47. g4 Ke6 48. Kg2 Kxe5 49. Kxh1 Kf4 50. Kg2 Kxg4 51. h3+ Kxg5
52. Kg3 Kh5 53. h4 g5 54. hxg5 Kxg5 55. Kf3 Kf5 56. Ke3 Ke5 57. Kd2 Kd6 1/2-1/2

[Event "SV Horst-Emscher 1 - SF Essen-Katernber"]
[Site "Verbandsliga - Gr. 2 2019/202"]
[Date "2020.03.01"]
[Round "7.2"]
[White "Rebentisch, Tom"]
[Black "Krueger, Erich"]
[Result "1/2-1/2"]
[WhiteElo "2115"]
[BlackElo "2024"]
[PlyCount "62"]
[EventDate "2020.??.??"]
[WhiteTeam "SV Horst-Emscher 1"]
[BlackTeam "SF Essen-Katernberg  3"]

1. e4 c6 2. d4 d5 3. Nc3 dxe4 4. Nxe4 Bf5 5. Ng3 Bg6 6. Nf3 Nd7 7. h4 h6 8. Bd3
Bxd3 9. Qxd3 e6 10. Bd2 Ngf6 11. O-O-O Be7 12. Kb1 c5 13. Ne4 Qb6 14. Be3 Rd8
15. dxc5 Nxc5 16. Bxc5 Rxd3 17. Bxb6 Rxd1+ 18. Rxd1 axb6 19. Nd6+ Bxd6 20. Rxd6
Nd7 21. c4 Ke7 22. Rd2 Rc8 23. b3 e5 24. Re2 Kd6 25. Kb2 f5 26. a4 Rg8 27. Kc3
g5 28. hxg5 hxg5 29. Rd2+ Ke6 30. Re2 Kd6 31. Rd2+ Ke6 1/2-1/2

[Event "SV Horst-Emscher 1 - SF Essen-Katernber"]
[Site "Verbandsliga - Gr. 2 2019/202"]
[Date "2020.03.01"]
[Round "7.3"]
[White "Nautsch, Werner"]
[Black "Buschmann, Andreas"]
[Result "0-1"]
[WhiteElo "2016"]
[BlackElo "2038"]
[PlyCount "92"]
[EventDate "2020.??.??"]
[WhiteTeam "SF Essen-Katernberg  3"]
[BlackTeam "SV Horst-Emscher 1"]

1. f4 d6 2. Nf3 g6 3. e4 Bg7 4. d4 Nf6 5. Bd3 c5 6. c3 O-O 7. O-O cxd4 8. Nxd4
Nc6 9. Nxc6 bxc6 10. Qe2 a5 11. Na3 Ba6 12. Bxa6 Qb6+ 13. Kh1 Qxa6 14. Re1 e6
15. Nc2 d5 16. e5 Ne4 17. Nd4 a4 18. Nc2 c5 19. c4 f6 20. exf6 Bxf6 21. Ne3 Bh4
22. Rf1 h5 23. f5 exf5 24. Nxd5 Rad8 25. Nf4 Rfe8 26. Be3 Bg5 27. Nh3 Bxe3 28.
Qxe3 Qxc4 29. Qh6 Qf7 30. Ng5 Qg7 31. Qxg7+ Kxg7 32. Nf3 Nd2 33. Rf2 Nxf3 34.
gxf3 Re3 35. Rc1 Rd5 36. Kg2 Kf6 37. Rc4 a3 38. b3 Red3 39. Ra4 Rd2 40. Rxa3
Rxf2+ 41. Kxf2 Rd2+ 42. Kg3 g5 43. Ra5 h4+ 44. Kh3 Rc2 45. Ra4 Ke5 46. b4 c4
0-1

[Event "SV Horst-Emscher 1 - SF Essen-Katernber"]
[Site "Verbandsliga - Gr. 2 2019/202"]
[Date "2020.03.01"]
[Round "7.4"]
[White "Arndt, Olaf"]
[Black "Gallas, Noel"]
[Result "1/2-1/2"]
[WhiteElo "1802"]
[BlackElo "1961"]
[PlyCount "75"]
[EventDate "2020.??.??"]
[WhiteTeam "SV Horst-Emscher 1"]
[BlackTeam "SF Essen-Katernberg  3"]

1. e4 e6 2. d4 d5 3. Nc3 dxe4 4. Nxe4 Bd7 5. Nf3 Bc6 6. Bd3 Nd7 7. O-O Ngf6 8.
Qe2 Be7 9. Re1 O-O 10. c4 Nxe4 11. Bxe4 Bxe4 12. Qxe4 c6 13. Bd2 a5 14. Qe2 Nf6
15. Rad1 Qc7 16. Ne5 Rad8 17. Bc3 Rfe8 18. Rd3 c5 19. d5 exd5 20. cxd5 Bd6 21.
f4 b5 22. b3 c4 23. bxc4 bxc4 24. Rh3 Qc5+ 25. Kh1 Qxd5 26. Rd1 Qe4 27. Re3
Qxf4 28. Rf1 Qg5 29. Rg3 Rxe5 30. Rxg5 Rxe2 31. Bxf6 Be7 32. Rxg7+ Kf8 33. Bc3
f6 34. Rxh7 Rxa2 35. h3 a4 36. Bxf6 Bxf6 37. Rxf6+ Kg8 38. Rff7 1/2-1/2

[Event "SV Horst-Emscher 1 - SF Essen-Katernber"]
[Site "Verbandsliga - Gr. 2 2019/202"]
[Date "2020.03.01"]
[Round "7.5"]
[White "Jahrke, Jonas"]
[Black "Goeldenboog, Juergen"]
[Result "1/2-1/2"]
[WhiteElo "1815"]
[BlackElo "1926"]
[PlyCount "54"]
[EventDate "2020.??.??"]
[WhiteTeam "SF Essen-Katernberg  3"]
[BlackTeam "SV Horst-Emscher 1"]

1. Nf3 d5 2. g3 Nf6 3. Bg2 g6 4. b3 Bg7 5. Bb2 O-O 6. O-O c5 7. c4 d4 8. b4
Nfd7 9. d3 e5 10. bxc5 Nxc5 11. Nbd2 Bd7 12. Nb3 Ba4 13. Nfd2 Nba6 14. Ba3 Qc7
15. Qb1 Rab8 16. Nxc5 Nxc5 17. Qb4 b6 18. Ne4 a5 19. Qd2 Nxe4 20. Bxe4 Rfc8 21.
Rfc1 Bf8 22. Bxf8 Rxf8 23. Rab1 Qc5 24. Bd5 Kg7 25. h4 f5 26. e3 dxe3 27. Qxe3
Qxe3 1/2-1/2

[Event "SV Horst-Emscher 1 - SF Essen-Katernber"]
[Site "Verbandsliga - Gr. 2 2019/202"]
[Date "2020.03.01"]
[Round "7.6"]
[White "Weichert, Eddy"]
[Black "Geerlings, Gerd"]
[Result "0-1"]
[WhiteElo "1805"]
[BlackElo "1999"]
[PlyCount "100"]
[EventDate "2020.??.??"]
[WhiteTeam "SV Horst-Emscher 1"]
[BlackTeam "SF Essen-Katernberg  3"]

1. e4 c5 2. Nf3 d6 3. d4 cxd4 4. Nxd4 Nf6 5. Nc3 a6 6. Rg1 e5 7. Nb3 Be6 8. g4
h6 9. h4 d5 10. exd5 Nxd5 11. Nxd5 Bxd5 12. c4 Be6 13. Qxd8+ Kxd8 14. Bd2 Nc6
15. O-O-O Kc7 16. f4 f6 17. Be3 Bb4 18. a3 Be7 19. f5 Bf7 20. Nd2 Rad8 21. Bg2
Nd4 22. Rge1 h5 23. Ne4 Nb3+ 24. Kc2 Bxc4 25. g5 Na5 26. Kc3 Bb3 27. Rxd8 Rxd8
28. Ng3 fxg5 29. hxg5 h4 30. Nh5 Bf8 31. g6 Kd6 32. Kb4 b6 33. Bxb6 Nc6+ 34.
Bxc6 Kxc6+ 35. Kxb3 Kxb6 36. f6 gxf6 37. Nxf6 Rd6 38. Rf1 Bg7 39. Ne8 Rxg6 40.
Nxg7 Rxg7 41. Rf6+ Kc5 42. Rh6 Rg3+ 43. Kc2 h3 44. Rxa6 Rg2+ 45. Kd3 Rxb2 46.
Rh6 Kd5 47. Kc3 Ra2 48. Kb3 Rh2 49. Rh4 Rh1 50. Kc3 h2 0-1

[Event "SV Horst-Emscher 1 - SF Essen-Katernber"]
[Site "Verbandsliga - Gr. 2 2019/202"]
[Date "2020.03.01"]
[Round "7.7"]
[White "Sauer, Bernd"]
[Black "Becker, Marco"]
[Result "1-0"]
[WhiteElo "1926"]
[BlackElo "1966"]
[PlyCount "25"]
[EventDate "2020.??.??"]
[WhiteTeam "SF Essen-Katernberg  3"]
[BlackTeam "SV Horst-Emscher 1"]

1. d4 Nf6 2. c4 e5 3. dxe5 Ng4 4. e4 Nxe5 5. f4 Ng6 6. Bd3 Bb4+ 7. Nc3 d6 8.
Nge2 Qh4+ 9. g3 Qh3 10. Kf2 Nc6 11. Be3 Nge7 12. Nd5 Nxd5 13. cxd5 1-0